| 000 | 00669nam a2200229Ia 4500 | ||
|---|---|---|---|
| 008 | 160418s9999 xx 000 0 und d | ||
| 020 | _a971-725-059-6 | ||
| 050 | _aFIL PL 6051 | ||
| 050 | _b.B33 2000 c.1 | ||
| 100 | _aBadayos, Paquito B. | ||
| 245 | _aFilipino sa iba't ibang disiplina : | ||
| 245 | _bFilipino 2 para sa kolehiyo at unibersidad / | ||
| 245 | _cPaquito B. Badayos. | ||
| 260 | _aMakati City: | ||
| 260 | _bGrandwater Pub., | ||
| 260 | _c2000 | ||
| 300 | _a298 pages : | ||
| 300 | _billustrations ; | ||
| 300 | _c25 cm. | ||
| 500 | _aIncludes bibliographical references. | ||
| 650 | _aFilipino language -- Study and teaching (Higher). | ||
| 999 |
_c293408 _d293408 |
||